000 01177cam a2200325 a 4500
001 11918281
003 ARRUPE
005 20160307085308.0
008 991206s1999 ii b 000 0 eng
010 _a 99946627
025 _aI-E-99-946627; 505
035 _a(DLC) 99946627
037 _bLibrary of Congress -- New Delhi Field Office
_cRs60.00
040 _aDLC
_cDLC
_dDLC
042 _alcode
050 0 0 _aBV207
_b.D75 1999
082 0 0 _a248.3/2
_221
100 1 _aD'Souza, Rudolf V.,
_d1960-
_922728
245 1 0 _aMeeting in God-experience :
_bSt. Teresa of Avila and the Bhagavadgitā on prayer /
_cRudolf V. D'Souza.
260 _aAnand :
_bGujarat Sahitya Prakash,
_c1999.
300 _axv, 186 p. ;
_c22 cm.
504 _aIncludes bibliographical references (p. 182-186).
600 0 0 _aTeresa,
_cof Avila, Saint,
_d1515-1582.
_911525
630 0 0 _aBhagavadgītā
_xCriticism, interpretation, etc.
_922729
650 0 _aPrayer
_xCatholic Church.
_911389
650 0 _aPrayer
_xHinduism.
_922730
906 _a7
_bcbc
_corigode
_d3
_encip
_f19
_gy-gencatlg
942 _2lcc
_cMONOGRAPH
999 _c124307
_d124307